20 Sitcom Women Quiz Stats

 Plays Quiz Updated Jul 13, 2017

Support Sporcle.
Go Orange.
Score 0/20 Timer 06:00
3 Plays Today
% Correct
Friends
98.9%
The Big Bang Theory
95.3%
Scrubs
90.9%
The Golden Girls
90.7%
2 Broke Girls
89.2%
How I Met Your Mother
88.8%
Ugly Betty
88.2%
That '70s Show
86.2%
The Office
85.3%
Modern Family
84.2%
% Correct
Parks and Recreation
84.1%
Cheers
84.1%
Seinfeld
84%
I Love Lucy
84%
Everybody Loves Raymond
82.2%
Roseanne
80.2%
The Cosby Show
77.6%
Veep
67.6%
Laverne & Shirley
64.2%
Mom
59.5%

You're not logged in!

Compare scores with friends on all Sporcle quizzes.
OR
Log In
Forgot?

From the Vault

'E' Movies by Picture

by sweett310

This is the kind of quiz that is helpful with friends. Go get some! We'll wait. Go!
Remove Ads.
Support Sporcle.
Get the best of Sporcle when you Go Orange. This ad-free experience offers more features, more stats, and more fun while also helping to support Sporcle. Thank you for becoming a member.

Show Comments

Extras

Top Quizzes Today


Score Distribution

Your Account Isn't Verified!

In order to create a playlist on Sporcle, you need to verify the email address you used during registration. Go to your Sporcle Settings to finish the process.

Report this User

Report this user for behavior that violates our Community Guidelines.

Details: